000 nam a22 7a 4500
999 _c54146
_d54146
003 OSt
005 20220729111139.0
008 220729b xxu||||| |||| 00| 0 eng d
040 _cIIMT UNIVERSITY, MEERUT
100 _aGEETA PRESS
245 _aKALYAN SHRI GANESH ADANG
260 _aGEETA PRESS
_bGORAKHPUR
300 _a427
942 _2ddc
_c09